|
|
|
|
| LEADER |
00000nas a2200000 a 4500 |
| 001 |
ssj0000614 |
| 003 |
WaSeSS |
| 005 |
20200512172242.0 |
| 006 |
m d |
| 007 |
cr n |
| 008 |
940406d19941999mauqr p s 0 a0eng c |
| 010 |
|
|
|a sn 94005292
|
| 016 |
7 |
|
|a 009199251
|2 Uk
|
| 022 |
|
|
|l 1077-6591
|y 1077-6591
|
| 035 |
|
|
|a (WaSeSS)ssj0000614
|
| 040 |
|
|
|a NYP
|b eng
|c NYP
|d NSD
|d HUL
|d EYM
|d WAU
|d IUL
|d MYG
|d CUS
|d HLS
|d IUL
|d MYG
|d CUS
|d MYG
|d NSD
|d EYM
|d OCLCQ
|d DLC
|d CUV
|d UKMGB
|d OCLCQ
|d OCLCF
|d OCLCO
|d GILDS
|d OCLCO
|d OCLCQ
|d OCLCO
|d U3G
|d NJR
|d AU@
|d ZAS
|d OCLCO
|d WaSeSS
|
| 042 |
|
|
|a nsdp
|a pcc
|
| 043 |
|
|
|a n-usn--
|
| 050 |
0 |
0 |
|a HQ75
|b .G2
|
| 082 |
1 |
0 |
|a 305
|2 13
|
| 210 |
0 |
|
|a Harv. gay lesbian rev.
|
| 222 |
|
4 |
|a The Harvard gay & lesbian review
|
| 245 |
0 |
4 |
|a The Harvard gay & lesbian review
|h [electronic resource].
|
| 246 |
3 |
|
|a Harvard gay and lesbian review
|
| 246 |
1 |
3 |
|a HGLR
|
| 260 |
|
|
|3 Vol. 1, no. 1 (winter 1994)-volume 2, number 1 (winter 1995) :
|a Cambridge, MA :
|b Harvard Gay & Lesbian Caucus,
|c [1994]-©1999.
|
| 260 |
3 |
|
|3 Volume 2, number 2 (spring 1995)- :
|a Boston, MA :
|b Harvard Gay & Lesbian Review, Inc.
|
| 310 |
|
|
|a Quarterly
|
| 362 |
0 |
|
|a Vol. 1, no. 1 (winter 1994)-v. 6, no. 4 (fall 1999).
|
| 500 |
|
|
|a Editor: Richard Schneider, Jr.
|
| 500 |
|
|
|a Associate editor: Diane Hamer.
|
| 500 |
|
|
|a Title from caption.
|
| 506 |
|
|
|a License restrictions may limit access.
|
| 515 |
|
|
|a Issue for winter 1994 called also: Premier issue.
|
| 555 |
|
|
|a Vols. 1 (1994)-16 (2009) (includes index to journal under its later title) available online.
|
| 588 |
|
|
|a Final issue consulted.
|
| 650 |
|
0 |
|a Gays' writings
|v Book reviews
|v Periodicals.
|
| 650 |
|
0 |
|a Gays
|v Periodicals.
|
| 650 |
|
0 |
|a Lesbians
|v Periodicals.
|
| 650 |
|
0 |
|a Homosexuality and literature
|v Periodicals.
|
| 650 |
|
0 |
|a Lesbians' writings
|v Book reviews
|v Periodicals.
|
| 650 |
|
0 |
|a Gay authors
|v Interviews
|v Periodicals.
|
| 650 |
|
0 |
|a Lesbian authors
|v Interviews
|v Periodicals.
|
| 650 |
|
0 |
|a Homosexuality
|x Social aspects
|z United States
|v Periodicals.
|
| 650 |
|
0 |
|a Gay culture
|z United States
|v Periodicals.
|
| 650 |
|
0 |
|a Lesbian culture
|z United States
|v Periodicals.
|
| 650 |
|
0 |
|a Gay liberation movement
|z United States
|v Periodicals.
|
| 650 |
|
7 |
|a Gay authors.
|2 fast
|0 (OCoLC)fst00939062
|
| 650 |
|
7 |
|a Gay culture.
|2 fast
|0 (OCoLC)fst01201219
|
| 650 |
|
7 |
|a Gay liberation movement.
|2 fast
|0 (OCoLC)fst00939104
|
| 650 |
|
7 |
|a Gays.
|2 fast
|0 (OCoLC)fst00939255
|
| 650 |
|
7 |
|a Gays' writings.
|2 fast
|0 (OCoLC)fst00939312
|
| 650 |
|
7 |
|a Homosexuality and literature.
|2 fast
|0 (OCoLC)fst00959818
|
| 650 |
|
7 |
|a Homosexuality
|x Social aspects.
|2 fast
|0 (OCoLC)fst00959809
|
| 650 |
|
7 |
|a Lesbian authors.
|2 fast
|0 (OCoLC)fst00996461
|
| 650 |
|
7 |
|a Lesbian culture.
|2 fast
|0 (OCoLC)fst01201220
|
| 650 |
|
7 |
|a Lesbians.
|2 fast
|0 (OCoLC)fst00996540
|
| 650 |
|
7 |
|a Lesbians' writings.
|2 fast
|0 (OCoLC)fst00996592
|
| 651 |
|
7 |
|a United States.
|2 fast
|0 (OCoLC)fst01204155
|
| 655 |
|
0 |
|a Electronic journals.
|
| 700 |
1 |
|
|a Schneider, Richard,
|c Jr.
|
| 700 |
1 |
|
|a Hamer, Diane.
|
| 710 |
2 |
|
|a Harvard Gay & Lesbian Caucus.
|
| 785 |
0 |
0 |
|t Gay & lesbian review worldwide
|x 1532-1118
|w (DLC) 00234463
|w (OCoLC)43188933
|
| 850 |
|
|
|a DLC
|a InU
|a MH
|a MiU
|a WaU
|
| 856 |
4 |
0 |
|z Full text available from Research Library: 01/31/1994 to 1999
|u https://search.proquest.com/publication/45917
|